00407nam a2200145 a 4500008004100000020001500041050001700056100002400073245005300097250001200150260003300162300002200195350000900217650003500226120416s1976 ||||||||||||||||| || u a0070441219 aHJ 257.2 Mus aMusgrave, Richard A10aPublic finance in theory and practice. (2nd ed.) a2nd ed. aNew York:bMcGraw-Hillc1976 axvi, 778p. : ill. a0.00 aFINANCE, PUBLIC--UNITED STATES